Logo BPK

Biblioteka

Politechniki Koszalińskiej

Proceedings of the Fourth International Conference on Soil mechanics and foundation engineering : (Rekord nr 18322)

Szczegóły MARC
000 -ETYKIETA REKORDU
podpole kontrolne o stałej długości 00471nam a2200157 i 4500
001 - NUMER KONTROLNY REKORDU
pole kontrolne bg
040 ## - ŹRÓDŁO KATALOGOWANIA
Instytucja, która utworzyła rekord BPK
041 ## - KOD JĘZYKA
Kod języka tekstu pol
080 ## - UNIWERSALNA KLASYFIKACJA DZIESIĘTNA - UKD
UKD 624.1
008 - POLE O STAŁEJ DŁUGOŚCI - DANE KONTROLNE
podpole kontrolne o stałej długości s pl f |000 0 pol
245 #J - TYTUŁ/ODPOWIEDZIALNOŚĆ
Tytuł Proceedings of the Fourth International Conference on Soil mechanics and foundation engineering :
Ciąg dalszy tytułu London 12-24 August 1957. Vol.1, Div.1-3a.
260 ## - STREFA ADRESU WYDAWNICZEGO
Miejsce wydania London :
Nazwa wydawcy/dystrybutora Butterworths,
Data publikacji, dystrybucji/powstania dokumentu 1957.
650 #9 - HASŁO PRZEDMIOTOWE W FORMIE NAZWY OGÓLNEJ LUB JEDNOSTKOWEJ
Nazwa ogólna lub geograficzna Mechanika gruntów
650 #9 - HASŁO PRZEDMIOTOWE W FORMIE NAZWY OGÓLNEJ LUB JEDNOSTKOWEJ
Nazwa ogólna lub geograficzna Fundamenty
856 ## - LOKALIZACJA I DOSTĘP DO ELEKTRONICZNYCH DOKUMENTÓW ZDALNYCH
Link (URL) http://koha.tu.koszalin.pl/cgi-bin/koha/opac-detail.pl?biblionumber=18322
Tekst linku Katalog online BPK
942 ## - DODATKOWE ELEMENTY (KOHA)
Typ dokumentu Książka
Egzemplarze
Wycofany Status egzemplarza Uszkodzony Dostępność Lokalizacja stała Lokalizacja bieżąca Miejsce przechowywania Sygnatura Kod kreskowy Typ dokumentu
      Dostępny Biblioteka Politechniki Koszalińskiej Biblioteka Politechniki Koszalińskiej Wypożyczalnia BG 24287 01925371 Książka
© 2023 Biblioteka Politechniki Koszalińskiej :: KOHA